<?xml version="1.0" encoding="UTF-8"?>
<record
    xmlns:xsi="http://www.w3.org/2001/XMLSchema-instance"
    xsi:schemaLocation="http://www.loc.gov/MARC21/slim http://www.loc.gov/standards/marcxml/schema/MARC21slim.xsd"
    xmlns="http://www.loc.gov/MARC21/slim">

  <leader>02862nam a2200301 a 4500</leader>
  <controlfield tag="003">DO-SdBNP</controlfield>
  <controlfield tag="005">20221020151950.0</controlfield>
  <controlfield tag="007">ta</controlfield>
  <controlfield tag="008">220927t2006    dr aco|gr||||o001 s eng d</controlfield>
  <datafield tag="040" ind1=" " ind2=" ">
    <subfield code="a">DO-SdBNP</subfield>
    <subfield code="b">spa</subfield>
    <subfield code="c">BNPHU</subfield>
  </datafield>
  <datafield tag="041" ind1=" " ind2=" ">
    <subfield code="h">eng</subfield>
  </datafield>
  <datafield tag="082" ind1=" " ind2="4">
    <subfield code="2">22</subfield>
    <subfield code="b">R426c</subfield>
  </datafield>
  <datafield tag="110" ind1="1" ind2=" ">
    <subfield code="9">75495</subfield>
    <subfield code="a">Presidencia de la Rep&#xFA;blica</subfield>
    <subfield code="c">Comisi&#xF3;n Permanente de Efem&#xE9;rides Patrias</subfield>
  </datafield>
  <datafield tag="245" ind1="1" ind2="0">
    <subfield code="a">Compendium of speeches information y communication tecnology (ICT and devolopment). /</subfield>
    <subfield code="c">Compilador Amparo Arango, John R. Gagain; Traductor Katia Rojas, Vivian Sundset, Yumari Torres</subfield>
  </datafield>
  <datafield tag="260" ind1=" " ind2=" ">
    <subfield code="a">Santo Domingo :</subfield>
    <subfield code="b">(COPDES),</subfield>
    <subfield code="c">2006.</subfield>
  </datafield>
  <datafield tag="300" ind1=" " ind2=" ">
    <subfield code="a">[47] p. :</subfield>
    <subfield code="b">il., fotogr., retr. ;</subfield>
    <subfield code="c">22 cm.</subfield>
  </datafield>
  <datafield tag="505" ind1=" " ind2=" ">
    <subfield code="a">Mensage to the Inaugral Meeting of the U.N. Global Aliance for ICTs and Developmen.</subfield>
    <subfield code="g">Speeches.</subfield>
    <subfield code="t">Keynote Adres, Opening Ceremony of the 36th Session of the General Asembly of the Organization of American States - OAS (Santo Domingo, Domincn Republic) 4 june 2006.--</subfield>
    <subfield code="t">Keynote Speech on Inflrmation and Commnunication Technology for Development &amp; National Strategie and the Milenium Development Goals, Global Roundtable Forum on Innovation and Investiment: Scaling Science and Technology to Meet the Milienium Denvelopment Goals, Sponsored by the U.N. Milenium Project, U.N. ICT Task Force, and U:N: fund for International Partnerships (U.N. Word Sumnit, U:N: Headquarters) 13 September 2005</subfield>
    <subfield code="t">Keynote Speech, ITC as an Enabler for Growth, Developmen and Competitiiveness; Implication for National and International polices and actions / Partnership for Development: Information adn Knowledge for Development, UNCTAD XI (Sao Paulo, Brasil) 16 june 2004.--</subfield>
    <subfield code="t">Word Summnit on the Information Society -  First Phase: Geneva 2003 Roundtable 3: ICT as a toll to achieve the Milennium Development Goals. 11 December 2003.--</subfield>
    <subfield code="g">Honorable Dr. Margarita Cede&#xF1;o de Fern&#xE1;ndez, Fist Lady of the Dominican Republic:</subfield>
    <subfield code="t">In repesentation of H.E. Dr. Leonel Fern&#xE1;ndez President of the Dominican Republic, Head of Delegation to the World Summit on the Information Society (WSIS), Tunis, U:N: DESA High - Level Round Table on "Putting ICTs to work for the United Nations, Development Agenda, Including the Milennium DEvelopmen Goals" (Tunisia, Africa) 17 November 2005.--</subfield>
    <subfield code="t">In represntation of H.E. Dr. Leonel Fern&#xE1;ndez, President of the Domincan Republic, Launch of the Degital Solidarity Fund -  DSF (Genova, Switzerland,) 14 March 2005.</subfield>
  </datafield>
  <datafield tag="590" ind1=" " ind2=" ">
    <subfield code="a">Inventariado 2022 / MF</subfield>
  </datafield>
  <datafield tag="650" ind1=" " ind2="4">
    <subfield code="9">30670</subfield>
    <subfield code="a">Discursos presidenciales</subfield>
    <subfield code="z">Rep&#xFA;blica Dominicana</subfield>
  </datafield>
  <datafield tag="651" ind1=" " ind2="4">
    <subfield code="9">3992</subfield>
    <subfield code="a">Rep&#xFA;blica Dominicana</subfield>
    <subfield code="x">Discursos parlamentarios</subfield>
    <subfield code="y">2003 - 2006</subfield>
  </datafield>
  <datafield tag="700" ind1="1" ind2=" ">
    <subfield code="9">52107</subfield>
    <subfield code="a">Arango, Amparo,</subfield>
    <subfield code="e">comp.</subfield>
  </datafield>
  <datafield tag="700" ind1="1" ind2=" ">
    <subfield code="a">Gagain, John R.,</subfield>
    <subfield code="e">comp.</subfield>
    <subfield code="9">82450</subfield>
  </datafield>
  <datafield tag="700" ind1="1" ind2=" ">
    <subfield code="a">Rojas, Katia,</subfield>
    <subfield code="e">trad.</subfield>
    <subfield code="9">82451</subfield>
  </datafield>
  <datafield tag="700" ind1="1" ind2=" ">
    <subfield code="a">Sundset, Vivian, </subfield>
    <subfield code="e">trad.</subfield>
    <subfield code="9">82452</subfield>
  </datafield>
  <datafield tag="700" ind1="1" ind2=" ">
    <subfield code="a">Torres, Yumari,</subfield>
    <subfield code="e">trad.</subfield>
    <subfield code="9">82453</subfield>
  </datafield>
  <datafield tag="910" ind1=" " ind2=" ">
    <subfield code="a">MFeliz</subfield>
  </datafield>
  <datafield tag="942" ind1=" " ind2=" ">
    <subfield code="2">ddc</subfield>
    <subfield code="c">LF2</subfield>
  </datafield>
  <datafield tag="952" ind1=" " ind2=" ">
    <subfield code="0">0</subfield>
    <subfield code="1">0</subfield>
    <subfield code="2">ddc</subfield>
    <subfield code="5">1</subfield>
    <subfield code="7">0</subfield>
    <subfield code="8">PD</subfield>
    <subfield code="a">BNPHU</subfield>
    <subfield code="b">BNPHU</subfield>
    <subfield code="c">CT</subfield>
    <subfield code="d">2016-03-09</subfield>
    <subfield code="e">Donado por INESDYC</subfield>
    <subfield code="l">0</subfield>
    <subfield code="o">R426c</subfield>
    <subfield code="p">2022-4101</subfield>
    <subfield code="r">2022-09-27</subfield>
    <subfield code="w">2022-09-27</subfield>
    <subfield code="y">LF2</subfield>
  </datafield>
  <datafield tag="952" ind1=" " ind2=" ">
    <subfield code="0">0</subfield>
    <subfield code="1">0</subfield>
    <subfield code="2">ddc</subfield>
    <subfield code="5">1</subfield>
    <subfield code="7">0</subfield>
    <subfield code="8">PD</subfield>
    <subfield code="a">BNPHU</subfield>
    <subfield code="b">BNPHU</subfield>
    <subfield code="c">CT</subfield>
    <subfield code="d">2016-03-09</subfield>
    <subfield code="e">Donado por INESDYC</subfield>
    <subfield code="l">0</subfield>
    <subfield code="o">R426c</subfield>
    <subfield code="p">2022-4102</subfield>
    <subfield code="r">2022-09-27</subfield>
    <subfield code="t">e.2</subfield>
    <subfield code="w">2022-09-27</subfield>
    <subfield code="y">LF2</subfield>
  </datafield>
  <datafield tag="952" ind1=" " ind2=" ">
    <subfield code="0">0</subfield>
    <subfield code="1">0</subfield>
    <subfield code="2">ddc</subfield>
    <subfield code="5">6</subfield>
    <subfield code="7">0</subfield>
    <subfield code="8">DS</subfield>
    <subfield code="a">BNPHU</subfield>
    <subfield code="b">BNPHU</subfield>
    <subfield code="c">CT</subfield>
    <subfield code="d">2016-03-09</subfield>
    <subfield code="e">Donado por INESDYC</subfield>
    <subfield code="l">0</subfield>
    <subfield code="o">R426c</subfield>
    <subfield code="p">2022-4103</subfield>
    <subfield code="r">2022-09-27</subfield>
    <subfield code="t">e.3</subfield>
    <subfield code="w">2022-09-27</subfield>
    <subfield code="y">LF2</subfield>
  </datafield>
  <datafield tag="952" ind1=" " ind2=" ">
    <subfield code="0">0</subfield>
    <subfield code="1">0</subfield>
    <subfield code="2">ddc</subfield>
    <subfield code="5">6</subfield>
    <subfield code="7">0</subfield>
    <subfield code="8">DS</subfield>
    <subfield code="a">BNPHU</subfield>
    <subfield code="b">BNPHU</subfield>
    <subfield code="c">CT</subfield>
    <subfield code="d">2022-10-20</subfield>
    <subfield code="e">Donaci&#xF3;n</subfield>
    <subfield code="l">0</subfield>
    <subfield code="o">R426c</subfield>
    <subfield code="p">2022-4459</subfield>
    <subfield code="r">2022-10-20</subfield>
    <subfield code="t">e.4</subfield>
    <subfield code="w">2022-10-20</subfield>
    <subfield code="y">LF2</subfield>
  </datafield>
  <datafield tag="999" ind1=" " ind2=" ">
    <subfield code="c">52487</subfield>
    <subfield code="d">52487</subfield>
  </datafield>
</record>
